| 000 | 01108nam a2200289 a 4500 | ||
|---|---|---|---|
| 001 | 000006081 | ||
| 003 | DO-SdBNP | ||
| 005 | 20251204073702.0 | ||
| 007 | ta | ||
| 008 | 090826s2004 dr d 000 0 spa d | ||
| 040 |
_aDO-SdBNP _bspa _cBNPHU |
||
| 082 | 4 |
_a353.36 _bT233r _222 |
|
| 100 | 1 |
_aTaveras Rodríguez, Juan Tomás _917121 |
|
| 245 | 1 | 0 |
_aRedefinición del rol policial : _bgarantía de la seguridad ciudadana / _cJuan Tomás Taveras Rodríguez ; prólogo Juan Bolívar Díaz. |
| 260 |
_aSanto Domingo, _fOmnimedia _c2004. |
||
| 300 |
_a266 p. : _bgráficos ; _c22 cm. |
||
| 500 | _aIncluye referencias bibliográficas y notas al pie de las páginas | ||
| 504 | _aBibliografía : p. 257-263 | ||
| 590 | _aLa biblioteca posee 2 ejemplares autógrafiado por el autor | ||
| 590 | _aInventariado, 2022/BT | ||
| 650 | 4 |
_aPolicía _zRepública Domincana _xHistoria _917122 |
|
| 650 | 4 |
_aSeguridad ciudadana _910343 |
|
| 650 | 0 |
_aAdministración de justicia _910083 |
|
| 650 | 4 |
_aPolicia nacional _zRepública Domincana _917124 |
|
| 700 | 1 |
_aBolívar Díaz, Juan, _eprólogo _91616 |
|
| 942 |
_2ddc _cLBS1 |
||
| 999 |
_c5877 _d5877 |
||